| 000 | 00361nam a2200109Ia 4500 | ||
|---|---|---|---|
| 008 | 171211s9999 xx 000 0 und d | ||
| 245 | 4 | _aThe Psychology of Religion and Spirituality for Clinicians | |
| 245 | _cEverett Worthington Jr., Jamie Aten, and Kari O'Grady | ||
| 260 | _c2011 | ||
| 650 | _xReligion | ||
| 856 | _uhttp://down.ebook777.com/062/0415873436.pdf | ||
| 999 |
_c350513 _d350513 |
||